| 000 | 00465nam a22001577a 4500 | ||
|---|---|---|---|
| 003 | OSt | ||
| 005 | 20241206182335.0 | ||
| 008 | 151001b xxu||||| |||| 00| 0 eng d | ||
| 040 | _cRUA | ||
| 082 | _aAGR SOU 2005 B062 Or.1 | ||
| 100 |
_917433 _aSOUK SOPHORN, |
||
| 245 | _aEffet de difere`rents engrais liquides sur la culture de laitue a` l'universite` royale d'agriculture. | ||
| 260 |
_aphnom phen _bRUA _c2005 |
||
| 300 |
_a40p. _bill. _c29cm. |
||
| 942 |
_2ddc _cAGR |
||
| 999 |
_c1570 _d1570 |
||